• 首页
  • 本馆介绍
  • 公告通知
  • 最新文献
  • 馆藏检索
  • 电子资源
  • 读者导购
  • 参考咨询
  • 我的图书馆
  • 登录
  • 详细信息显示
  • 放入我的书架
  • 预约/预借图书
  • 作者相关作品
  • 分类相关作品
  • 丛书相关作品
  • 出版社相关作品

书目信息

  • 表格格式
  • 工作单格式
  • 卡片格式
题名:
信号完整性揭秘
    
 
作者: 于争 著
分册:  
出版信息: 北京   机械工业出版社  2016.11
页数: 330页
开本: 24cm
丛书名:
单 册:
中图分类: TN911.2
科图分类:
主题词: 信号设计
电子资源:
ISBN: 978-7-111-43842-7
000 00935nam0 2200265 450
001 0400004714
005 20171024165030.0
010    @a978-7-111-43842-7@dCNY59.00
090    @aTN911@byz
100    @a20140429d2016 em y0chiy50 ea
101 0  @achi
102    @aCN@b110000
105    @aa z 000yy
106    @ar
200 1  @a信号完整性揭秘@9xin hao wan zheng xing jie mi@e于博士SI设计手记@f于争著
210    @a北京@c机械工业出版社@d2016.11
215    @a330页@c图@d24cm
300    @a高级电路设计
330    @a本书主要讲述了数字信号特征、传输线等理论基础,反射、串扰等基本的信号完整性问题,以及S参数、差分互连、阻抗不连续性、抖动、均衡等高速串行互连设计的必备知识,最后介绍了工程设计中必备的电源完整性入门知识。
517 1  @a于博士SI设计手记@9yu bo shi si she ji shou ji
606 0  @a信号设计
690    @aTN911.2@v5
701  0 @a于争@9yu zheng@4著
801  0 @aCN@bNLC@c20171024
905    @b1038975-9@dTN911.2@f5@e231
    
    信号完整性揭秘:于博士SI设计手记/于争著.-北京:机械工业出版社,2016.11
    330页:图;24cm
    高级电路设计
    
    ISBN 978-7-111-43842-7:CNY59.00
    本书主要讲述了数字信号特征、传输线等理论基础,反射、串扰等基本的信号完整性问题,以及S参数、差分互连、阻抗不连续性、抖动、均衡等高速串行互连设计的必备知识,最后介绍了工程设计中必备的电源完整性入门知识。
●
相关链接 在E读中查询图书 在五车中查询图书 在当当中查询图书 在豆瓣中查询图书


正题名:信号完整性揭秘     索取号:TN911.2/231         预约/预借

序号 登录号 条形码 馆藏地/架位号 状态 备注
1 1038975   210389756   第二样本阅览室/ [索取号:TN911.2/231] 在馆    
2 1038976   210389765   密集书库-物理学院/ [索取号:TN911.2/231] 在馆    
3 1038977   210389774   第三借阅区/ [索取号:TN911.2/231] 在馆    
4 1038978   210389783   第三借阅区/ [索取号:TN911.2/231] 在馆    
5 1038979   210389792   第三借阅区/ [索取号:TN911.2/231] 在馆    
唐山师范学院图书馆 欢迎您!
大连网信软件有限公司© 版权所有